[Event "Finals of the Oberliga Württemberg"]
[Site "chess24.com"]
[Date "2019.04.07"]
[Round "9"]
[White "Wunder, Fabian"]
[Black "Hofmann, Martin"]
[Result "0-1"]
[Board "7"]
[WhiteElo "2058"]
[WhiteCountry "GER"]
[WhiteFideId "12976776"]
[WhiteEloChange "-6"]
[BlackElo "2199"]
[BlackCountry "GER"]
[BlackFideId "4641841"]
[BlackEloChange "6"]

1. d4 {[%clk 1:30:50]} Nf6 {[%clk 1:30:25]} 2. c4 {[%clk 1:30:07]} e6 {[%clk
1:30:35]} 3. g3 {[%clk 1:30:12]} Bb4+ {[%clk 1:24:03]} 4. Bd2 {[%clk 1:29:21]}
Be7 {[%clk 1:23:15]} 5. Bg2 {[%clk 1:24:40]} d5 {[%clk 1:23:08]} 6. Nf3 {[%clk
1:22:19]} O-O {[%clk 1:19:47]} 7. O-O {[%clk 1:19:45]} Ne4 {[%clk 1:12:47]} 8.
Be3 {[%clk 0:57:08]} Nd7 {[%clk 1:07:52]} 9. Qc2 {[%clk 0:50:40]} c6 {[%clk
1:01:33]} 10. Nc3 {[%clk 0:44:07]} f5 {[%clk 0:58:04]} 11. Rab1 {[%clk 0:35:14]}
a5 {[%clk 0:43:52]} 12. a3 {[%clk 0:20:06]} g5 {[%clk 0:31:54]} 13. Bc1 {[%clk
0:13:26]} Bf6 {[%clk 0:29:29]} 14. Rd1 {[%clk 0:08:44]} Qe7 {[%clk 0:15:38]} 15.
b4 {[%clk 0:08:47]} axb4 {[%clk 0:14:59]} 16. axb4 {[%clk 0:09:08]} g4 {[%clk
0:14:39]} 17. Ne1 {[%clk 0:07:06]} h5 {[%clk 0:13:36]} 18. f3 {[%clk 0:04:59]}
Nxc3 {[%clk 0:12:23]} 19. Qxc3 {[%clk 0:05:25]} Rf7 {[%clk 0:10:26]} 20. Nd3
{[%clk 0:03:22]} e5 {[%clk 0:09:02]} 21. dxe5 {[%clk 0:02:06]} Nxe5 {[%clk
0:09:03]} 22. Nxe5 {[%clk 0:02:11]} Bxe5 {[%clk 0:09:09]} 23. Qc2 {[%clk
0:00:47]} dxc4 {[%clk 0:07:59]} 24. f4 {[%clk 0:00:48]} Bg7 {[%clk 0:07:07]} 25.
e4 {[%clk 0:00:39]} Be6 {[%clk 0:03:56]} 26. e5 {[%clk 0:00:57]} Rd8 {[%clk
0:03:43]} 27. Be3 {[%clk 0:00:48]} Bd5 {[%clk 0:02:57]} 28. Bc5 {[%clk 0:01:05]}
Qe6 {[%clk 0:03:03]} 29. Rd4 {[%clk 0:00:38]} Rfd7 {[%clk 0:01:56]} 30. Rbd1
{[%clk 0:00:43]} Bxg2 {[%clk 0:01:41]} 31. Rxd7 {[%clk 0:00:41]} Rxd7 {[%clk
0:01:55]} 32. Rxd7 {[%clk 0:00:54]} Qxd7 {[%clk 0:02:24]} 33. Kxg2 {[%clk
0:00:50]} b5 {[%clk 0:01:40]} 34. Bd6 {[%clk 0:00:53]} Bf8 {[%clk 0:01:14]} 35.
Qd2 {[%clk 0:00:42]} Kf7 {[%clk 0:01:18]} 36. Qd4 {[%clk 0:00:50]} Ke6 {[%clk
0:01:10]} 37. Qe3 {[%clk 0:00:52]} Be7 {[%clk 0:01:10]} 38. Kf2 {[%clk 0:00:46]}
Kf7 {[%clk 0:01:01]} 39. Qc5 {[%clk 0:00:51]} Bd8 {[%clk 0:01:01]} 40. Qe3 {[%clk
0:00:45]} Ke6 {[%clk 0:01:04]} 41. Kg2 {[%clk 0:22:34]} Bc7 {[%clk 0:28:36]} 42.
Kf1 {[%clk 0:17:57]} Qd8 {[%clk 0:28:50]} 43. Kg2 {[%clk 0:16:53]} Bb6 {[%clk
0:28:38]} 44. Qa3 {[%clk 0:15:49]} Qc8 {[%clk 0:27:57]} 45. Kf1 {[%clk 0:07:36]}
Qb7 {[%clk 0:28:10]} 46. Ke1 {[%clk 0:06:57]} Qa7 {[%clk 0:25:01]} 47. Qb2 {[%clk
0:06:19]} Bd4 {[%clk 0:24:24]} 48. Qd2 {[%clk 0:01:37]} Qa1+ {[%clk 0:24:39]} 49.
Ke2 {[%clk 0:01:56]} Qg1 {[%clk 0:24:55]} 50. Bc5 {[%clk 0:00:59]} Qxh2+ {[%clk
0:24:16]} 51. Kd1 {[%clk 0:01:22]} Qxd2+ {[%clk 0:23:48]} 52. Kxd2 {[%clk
0:01:48]} Bxc5 {[%clk 0:23:59]} 53. bxc5 {[%clk 0:02:11]} Kd5 {[%clk 0:24:20]}
0-1

[Event "Finals of the Oberliga Württemberg"]
[Site "chess24.com"]
[Date "2019.04.07"]
[Round "9"]
[White "Seyfried, Claus"]
[Black "Hosticka, Frantisek"]
[Result "1/2-1/2"]
[Board "8"]
[WhiteElo "2122"]
[WhiteCountry "GER"]
[WhiteFideId "1271085"]
[WhiteEloChange "-1"]
[BlackElo "2102"]
[BlackCountry "CZE"]
[BlackFideId "302295"]
[BlackEloChange "1"]

1. e4 {[%clk 1:30:32]} Nf6 {[%clk 1:29:42]} 2. e5 {[%clk 1:30:23]} Nd5 {[%clk
1:30:05]} 3. d4 {[%clk 1:30:44]} d6 {[%clk 1:30:26]} 4. c4 {[%clk 1:30:50]} Nb6
{[%clk 1:30:48]} 5. exd6 {[%clk 1:30:58]} exd6 {[%clk 1:31:02]} 6. Nc3 {[%clk
1:31:07]} Be7 {[%clk 1:31:11]} 7. Bd3 {[%clk 1:30:38]} Nc6 {[%clk 1:30:01]} 8.
Be3 {[%clk 1:28:06]} O-O {[%clk 1:26:07]} 9. b3 {[%clk 1:23:19]} Re8 {[%clk
1:23:19]} 10. Nge2 {[%clk 1:21:50]} Bg4 {[%clk 1:07:12]} 11. Qd2 {[%clk 1:15:05]}
Bh5 {[%clk 0:51:38]} 12. Nf4 {[%clk 1:06:34]} Bg6 {[%clk 0:51:02]} 13. Nxg6
{[%clk 1:06:23]} hxg6 {[%clk 0:51:17]} 14. O-O {[%clk 1:06:16]} Bf6 {[%clk
0:48:44]} 15. Be2 {[%clk 0:59:36]} d5 {[%clk 0:46:13]} 16. c5 {[%clk 0:54:35]}
Nc8 {[%clk 0:46:05]} 17. Bf3 {[%clk 0:52:54]} N8e7 {[%clk 0:41:17]} 18. Rad1
{[%clk 0:47:16]} 1/2-1/2